000 00480nam a2200157Ia 4500
008 230714s9999 xx 000 0 und d
041 _aeng
082 _a330.954
_bPRA
100 _aPrakash B.A. (Editor)
245 _aIndian Economy Since 1991
_bEconomic Performs And Performance
260 _c2009
_bPearson Education
300 _a598
_dRef 365 G (33574)
365 _cRs.
_b450.00
700 _aPrakash B.A. (Editor)
906 _dO:0025109-Sep-2009B:206907-Sep-2009
_cIT
_b990
999 _c197995
_d197995